000 00735nam a2200241Ia 4500
001 8602
003 GE_BSU
008 181216s||||||||xx |||||||||||||| ||und||
040 _cGE_BSU
080 _a821.353.1-1
100 _aთედორაძე, დ.
245 _aბეწვის ხიდი
245 _bლექსები
245 _cრედ.: ზ. ფირცხალაიშვილი; მხატვ.: ჯ. მიქელაძე.
260 _aბათუმი
260 _bსაბჭ. აჭარა
260 _c1977
300 _a60 გვ; 16 სმ.
300 _b1 პორტრ.
653 _aბეწვის ხიდი
653 _aლექსები
942 _cBK
999 _c41918
_d41918